Labosi 2001 - 2002 : Laboratoire science de la vie

সংরক্ষণ করুন:
গ্রন্থ-পঞ্জীর বিবরন
সংস্থা লেখক: Fisher Scientific Labosi
বিন্যাস: গ্রন্থ
ভাষা:Undetermined
প্রকাশিত: France Fisher Scientific Labosi 2002
বিষয়গুলি:
ট্যাগগুলো: ট্যাগ যুক্ত করুন
কোনো ট্যাগ নেই, প্রথমজন হিসাবে ট্যাগ করুন!
Thư viện lưu trữ: Trung tâm Học liệu Trường Đại học Cần Thơ
LEADER 00529nam a2200193Ia 4500
001 CTU_160599
008 210402s9999 xx 000 0 und d
082 |a 542.1 
082 |b F536 
110 |a Fisher Scientific Labosi 
245 0 |a Labosi 2001 - 2002 : 
245 0 |b Laboratoire science de la vie 
245 0 |c Fisher Scientific Labosi 
260 |a France 
260 |b Fisher Scientific Labosi 
260 |c 2002 
650 |a Laboratories 
904 |i Giang 
980 |a Trung tâm Học liệu Trường Đại học Cần Thơ